Akademiku Mykoli Mušynkovi - 80 (jak vin zmih pidnjatysja vyšče, dijty dali i zrobyty bil'še? )

Bibliographic Details
Main Author: Birčák, Ján, 1937- (Author)
Format: Article
Language:Ukrainian
PhysicalDescription:Fotogr.
Subjects:

MARC

LEADER 00000nab a2200000 a 4500
001 vtls011547227
003 SK-MaSNL
005 20260318114955.0
008 171110c2016 xo er p 000 c0ukr
015 |a SNBRB2016/04 
038 |a SVKPOCL 
040 |a SVKPOCL  |b slo  |c SVKPOCL  |e AACR2 
041 0 |a ukr 
044 |a xo  |c SK 
080 |a 80(=16)+908(4)  |2 2011 
080 |a 80(=161.2)+908(477)  |2 2011 
080 |a 39-051  |2 2011 
080 |a 398-051  |2 2011 
080 |a 37.011.3-051  |2 2011 
080 |a 82.2-051  |2 2011 
080 |a 070-051  |2 2011 
080 |a 929 Mušinka, Mikuláš  |2 2011 
100 1 |a Birčák, Ján,  |d 1937-  |4 aut  |9 201467 
245 1 0 |a Akademiku Mykoli Mušynkovi - 80  |b (jak vin zmih pidnjatysja vyšče, dijty dali i zrobyty bil'še? )  |c Ivan Birčak 
300 |b Fotogr. 
500 |a Mušynka, Mykola pozri Mušinka, Mikuláš 
500 |a Birčak, Ivan pozri Birčák, Ján 
600 1 7 |a Mušinka, Mikuláš,  |d 1936-2024  |2 svkpocl  |9 99915 
650 0 7 |a osobnosti  |2 snkbucl  |9 29820 
650 0 7 |a etnografi  |2 svkpocl  |9 110822 
650 0 7 |a folkloristi  |2 svkpocl  |9 59714 
650 0 7 |a učitelia  |2 svkpocl  |9 3995 
650 0 7 |a literárni vedci  |2 svkpocl  |9 220855 
650 0 7 |a slavistika  |2 svkpocl  |9 4282 
650 0 7 |a ukrajinistika  |2 svkpocl  |9 51200 
650 0 7 |a publicisti  |2 svkpocl  |9 63929 
651 7 |a Kurov (Slovensko)  |2 svkpocl  |9 34652 
651 7 |a Bardejov (Slovensko)  |2 svkpocl  |9 20040 
651 7 |a Bardejov (Slovensko : okres)  |2 svkpocl  |9 28620 
651 7 |a Prešov (Slovensko)  |2 svkpocl  |9 17347 
651 7 |a Praha (Česko)  |x osobnosti  |2 svkpocl  |9 1039885 
655 7 |a články z novín a časopisov  |2 svkpocl  |9 267496 
773 0 |t Nove žyttja  |g Roč. 66, č. 4 (2016), s. [1] a 2 
852 |a SVKPO  |b KIS3GCP 
958 |a UK 
958 |a SK 
958 |a SS 
958 |a BX 
958 |a CS 
999 |c 3336113  |d 3338043